Films de Francis Veber par images - Statistiques

Statistiques générales
  • Ce quiz a été pris 218 fois
  • Le résultat moyen est 5 sur 12
Statistiques - réponses
Par images Réponse % Correct
Le Dîner de cons
98%
La Chèvre
73%
Le Jouet
62%
Les Compères
53%
Le Jaguar
49%
Tais-toi !
49%
Le Placard
47%
L'Emmerdeur
42%
Les Fugitifs
38%
La Doublure
27%
Les Trois Fugitifs
4%
Sur la corde raide
4%
Aucun quiz correspondant
Distribution des résultats
% des personnes avec chaque résultat
Percentile par nombre de réponses
Votre historique - résultats
Vous n’avez pas pris ce quiz